موسوعة لاروس : الإتصالات منذ البداية حتى الإنترنت / (رقم التسجيلة. 109146)

تفاصيل مارك
000 -LEADER
fixed length control field 00595nam a22001937a 4500
005 - DATE AND TIME OF LATEST TRANSACTION
control field 20251108173643.0
008 - FIXED-LENGTH DATA ELEMENTS--GENERAL INFORMATION
fixed length control field 250721s2002 xx 000 0 ara d
020 ## - INTERNATIONAL STANDARD BOOK NUMBER
International Standard Book Number 9953280045
082 14 - DEWEY DECIMAL CLASSIFICATION NUMBER
Classification number م/ط/621.382/موس
100 1# - MAIN ENTRY--PERSONAL NAME
Personal name الهاشم، أنطوان
245 10 - TITLE STATEMENT
Title موسوعة لاروس : الإتصالات منذ البداية حتى الإنترنت /
264 1# - PRODUCTION, PUBLICATION, DISTRIBUTION, MANUFACTURE, AND COPYRIGHT NOTICE
Place of production, publication, distribution, manufacture بيروت :
Name of producer, publisher, distributor, manufacturer عويدات،
Date of production, publication, distribution, manufacture, or copyright notice 2002.
300 ## - PHYSICAL DESCRIPTION
Extent 95ص
490 0# - SERIES STATEMENT
Series statement شبابنا
650 17 - SUBJECT ADDED ENTRY--TOPICAL TERM
Topical term or geographic name as entry element الإتصالات
653 ## - INDEX TERM--UNCONTROLLED
Uncontrolled term ناشئون كبار (15-18) سنة
942 ## - ADDED ENTRY ELEMENTS (KOHA)
Source of classification or shelving scheme Dewey Decimal Classification
Koha item type مراجع
المقتنيات
حالة السحب حالة الفقدان مصدر التصنيف حالة التلف غير قابل للإعارة المكتبة الرئيسية المكتبة الحالية موقع الرف تاريخ التزويد الرقم المتسلسل Total Checkouts رقم الإستدعاء الباركود تاريخ آخر ظهور تاريخ الفاتورة نوع المادة (كوها)
    Dewey Decimal Classification   Not For Loan مكتبة الأميرة سلمى مكتبة الأميرة سلمى مراجع 21/02/2016 568063   م/ط/621.382/موس PLD00375226 28/07/2025 21/02/2016 مراجع
    Dewey Decimal Classification   Not For Loan مكتبة الأميرة سلمى مكتبة الأميرة سلمى مراجع 17/03/2016 565627   م/ط/621.382/موس PLD00380729 28/07/2025 17/03/2016 مراجع
    Dewey Decimal Classification   Not For Loan مكتبة الياسمين للأطفال مكتبة الياسمين للأطفال الأطفال 12/04/2014 556805   م/ط/621.382/موس PLD00298793 28/07/2025 12/04/2014 مراجع
Implemented & Customized by: BBB with SCIT (Smart Chains for Information Technology)

Powered by Koha